|
|
|
|
| LEADER |
00745nam a2200253 4500 |
| 001 |
DLU090076164 |
| 005 |
##20090220 |
| 040 |
# |
# |
|a DLU
|b vie
|
| 041 |
# |
# |
|a vie
|
| 044 |
# |
# |
|a vn
|
| 100 |
# |
# |
|a Nguyễn Văn Khoan,
|c TS.
|
| 245 |
# |
# |
|a Thêm một số tư liệu về đồng chí Hà Huy Tập /
|c Nguyễn Văn Khoan.
|
| 653 |
# |
# |
|a Bí danh
|
| 653 |
# |
# |
|a Hà Huy Tập (1902-1941)
|
| 773 |
# |
# |
|t Tạp chí lịch sử Đảng
|g Số 12(181), 2005, tr. 67-68
|
| 920 |
# |
# |
|a Phòng Tạp chí -- Trung tâm Thông tin - Thư viện Trường Đại học Đà Lạt
|
| 994 |
# |
# |
|a DLU
|
| 900 |
# |
# |
|a True
|
| 911 |
# |
# |
|a Lý Thị Hồng Hạnh
|
| 925 |
# |
# |
|a G
|
| 926 |
# |
# |
|a A
|
| 927 |
# |
# |
|a BB
|
| 980 |
# |
# |
|a Thư viện Trường Đại học Đà Lạt
|